Design of reinforced concrete / (Record no. 6514)

MARC details
000 -LEADER
fixed length control field 00844nac a22002291u 4500
010 ## - LIBRARY OF CONGRESS CONTROL NUMBER
LC control number 2004048013
020 ## - INTERNATIONAL STANDARD BOOK NUMBER
International Standard Book Number 0471487368
082 00 - DEWEY DECIMAL CLASSIFICATION NUMBER
Classification number 624.18341
Item number MCC
090 ## - LOCALLY ASSIGNED LC-TYPE CALL NUMBER (OCLC); LOCAL CALL NUMBER (OCLC)
-- 6514
-- 6514
100 ## - MAIN ENTRY--PERSONAL NAME
Personal name McCormac, Jack C.
245 10 - TITLE STATEMENT
Title Design of reinforced concrete /
Statement of responsibility, etc Jack C. McCormac, James K. Nelson.
250 ## - EDITION STATEMENT
Edition statement 6th ed.
260 ## - PUBLICATION, DISTRIBUTION, ETC. (IMPRINT)
Place of publication, distribution, etc Hoboken, NJ :
Name of publisher, distributor, etc John Wiley,c.2006.
Date of publication, distribution, etc c.2006.
300 ## - PHYSICAL DESCRIPTION
Extent xi, 721 p. :
Other physical details ill. ;
Dimensions 24 cm.
500 ## - GENERAL NOTE
General note Distributer: Al-Ahram.
511 ## - PARTICIPANT OR PERFORMER NOTE
Participant or performer note Catalogued By: Mahitab.
650 #0 - SUBJECT ADDED ENTRY--TOPICAL TERM
Topical term or geographic name as entry element Reinforced concrete construction.
700 1# - ADDED ENTRY--PERSONAL NAME
Personal name Nelson, James K.
856 41 - ELECTRONIC LOCATION AND ACCESS
Materials specified Table of contents
Uniform Resource Identifier <a href="http://www.loc.gov/catdir/toc/wiley041/2004048013.html">http://www.loc.gov/catdir/toc/wiley041/2004048013.html</a>
856 41 - ELECTRONIC LOCATION AND ACCESS
Materials specified Publisher description
Uniform Resource Identifier <a href="http://www.loc.gov/catdir/description/wiley041/2004048013.html">http://www.loc.gov/catdir/description/wiley041/2004048013.html</a>
942 ## - ADDED ENTRY ELEMENTS (KOHA)
Item type Book - Borrowing
Call number prefix 624.18341MCC
Holdings
Withdrawn status Item status Damaged status Not for loan Home library Current library Shelving location Date acquired Source of acquisition Total Checkouts Full call number Barcode Date last seen Koha item type
        Central Library Central Library First floor 26/11/2007 Purchase   624.18341MCC 000008054 15/07/2025 Book - Borrowing